000
00225nam a2200097Ia 4500
008
190216s9999||||xx |||||||||||||| ||und||
100
_a
Moulana Sayyid Abul Ala Maududi
245
0
_a
Islam Matham
260
_b
Null
942
_c
BK
999
_c
21942
_d
21942